000 01140nab a22002177a 4500
999 _c6510
_d6510
003 OSt
005 20260213132450.0
008 190604e xxu||||| |||| 00| 0 spa d
040 _cPJ
100 _95389
_aFerraro, Leonardo P.
245 1 0 _aArmas de fuego en Argentina :
_bprincipales notas del régimen legal /
_cLeonardo P. Ferraro.
260 _aCiudad Autónoma de Buenos Aires :
_bThomson Reuters La Ley,
_c2025.
300 _ap. 26-36
500 _aCita Online: TR LALEY AR/DOC/3196/2025.
505 _aSumario: I. Introducción.— II. La Ley Nacional de Armas y Explosivos.— III. El Registro Nacional de Armas (RENAR).— IV. Clasificación legal de las armas de fuego a los efectos del RENAR.— V. El legítimo usuario de armas de fuego: tenencia y portación de armas de fuego.
505 _t¿Te interesa el texto completo? Solicitalo al correo: koha@justierradelfuego.gov.ar
650 0 _97119
_aARMAS
650 0 _91138
_aLEGISLACION APLICABLE
773 0 _02714
_93171
_dCiudad Autónoma de Buenos Aires : Thomson Reuters La Ley, 2014-
_tRevista anales de legislación argentina. Nº 1- Enero 2026.
942 _2udc
_cANA